Laufey - Lovesick (lyrics) - Statistics

General Stats
  • This quiz has been taken 161 times
  • The average score is 137 of 179
Answer Stats
Answer % Correct
I
99%
a
96%
love
94%
my
94%
in
93%
In
93%
me
93%
me?
93%
the
93%
The
93%
you
93%
when
92%
When
92%
on
89%
So
89%
so
89%
your
88%
gold
87%
Fell
86%
fell
86%
Floorboards
85%
hair
85%
skin
85%
wind
85%
lovesick
84%
to
84%
To
84%
caught
83%
choir
83%
sang
83%
And
82%
got
82%
creaking
81%
I‘m
81%
I'm
81%
God
80%
God,
80%
have
80%
rays
80%
alone
79%
be
79%
home
79%
morning
79%
night
79%
now
79%
right
79%
done
78%
here
78%
silence
78%
that
78%
That
78%
just
77%
Oh
77%
melancholic
76%
were
76%
What
76%
wish
76%
days
75%
Deathly
75%
hymn
75%
lips
75%
Those
75%
haunting
74%
memory
74%
november
73%
of
73%
still
73%
three
73%
gone
71%
unlike
71%
somehow
70%
nights
67%
mourning
65%
I'll
64%
tryin‘
63%
hold
61%
bed
59%
are
58%
atmosphere
56%
but
55%
Dreams
55%
Let
55%
much,
55%
would
55%
you'll
55%
I‘d
54%
head
53%
nightmares
53%
away
52%
twisted
52%
closer
51%
slip
51%
fear
50%
Getting
48%
Inching
46%
dead
43%
last
43%
not
43%
with
43%
you're
43%
gold rays
42%
fall
39%
Since
39%
until
39%
sleep
37%
(Ah-ah, ah-ah, ah-ah, ah-ah)
35%
(ah-ah, ah-ah, ah-ah, ah-ah, ah-ah)
35%
your skin
30%
melancholic hymn
26%
spend
18%
(Mm, mm-mm)
14%
No matching quizzes found
Score Distribution
Percent of People with Each Score
Percentile by Number Answered
Your Score History
You have not taken this quiz